000 00349nam a2200157Ia 4500
008 100204s9999 xx 000 0 und d
082 _b27605
100 _aSHARMA ROBIN
245 _aTHE GREATNESS GUIDE
250 _a0
260 _c2007
300 _a219
630 _aTHE GREATNESS GUIDE
730 _aTHE GREATNESS GUIDE
942 _cBOOK
999 _c472775
_d472772